000 00882nam a2200241 4500
003 OSt
005 20240725065636.0
006 a
008 240725b |||||||| |||| 00| 0 eng d
020 _a0763747653
040 _aDWCL-HMN lib.
_cOC
082 _aCirc. 362.20425 C797 200
245 _aCore curriculum for specializing in intellectual and developmental disability : a resource for nurses and other health care professionals /
260 _aSudbury, Mass. :
_bJones and Bartlett Pub.,
_cc2005.
300 _axxii,
_b442 p. ;
_c28 cm.
504 _aIncludes bibliographical references & index.
650 _a1. People with mental disabilities-Care.
650 _a2. Developmentally disabled-Care.
650 _a3. Mental retardation-Nursing.
650 _a4. Developmental disabilities-Nursing.
700 _aWendy M. Nehring
942 _2ddc
_n0
_cBK-CIRC
_kCirc.
999 _c2739
_d2739